| 000 -LEADER |
| fixed length control field |
01534nam a2200217Ia 4500 |
| 001 - CONTROL NUMBER |
| control field |
15696 |
| 003 - CONTROL NUMBER IDENTIFIER |
| control field |
GE_BSU |
| 008 - FIXED-LENGTH DATA ELEMENTS--GENERAL INFORMATION |
| fixed length control field |
181216s||||||||xx |||||||||||||| ||und|| |
| 040 ## - CATALOGING SOURCE |
| Transcribing agency |
GE_BSU |
| 100 ## - MAIN ENTRY--PERSONAL NAME |
| Personal name |
ჭავჭავაძე, ი. (ილია, 1837-1907) |
| 245 ## - TITLE STATEMENT |
| Title |
თხზულებათა სრული კრებული : 20 ტომად. ტ.1 |
| 245 ## - TITLE STATEMENT |
| Remainder of title |
პოეზია [ლექსები, პოემები, სხვადასხვა ავტორის მიერ დაწუნებული ლექსები, ექსპრომტი, ფრაგმენტები |
| 245 ## - TITLE STATEMENT |
| Statement of responsibility, etc. |
ტექსტი გამოსაც. მოამზადა რუსუდან კუსრაშვილმა ; ტომის რედ.: გიორგი აბაშიძე ; ტომს ფოტოდოკუმენტები დაურთო გურამ შარაძემ ; მხატვ.: გიორგი ლომიძე |
| 260 ## - PUBLICATION, DISTRIBUTION, ETC. |
| Place of publication, distribution, etc. |
თბილისი |
| 260 ## - PUBLICATION, DISTRIBUTION, ETC. |
| Name of publisher, distributor, etc. |
საბჭ. საქართველო |
| 260 ## - PUBLICATION, DISTRIBUTION, ETC. |
| Date of publication, distribution, etc. |
1987 |
| 300 ## - PHYSICAL DESCRIPTION |
| Extent |
542 გვ.20 სმ |
| 653 ## - INDEX TERM--UNCONTROLLED |
| Uncontrolled term |
თხზულებათა სრული კრებული |
| 653 ## - INDEX TERM--UNCONTROLLED |
| Uncontrolled term |
პოეზია [ლექსები, პოემები, სხვადასხვა ავტორის მიერ დაწუნებული ლექსები, ექსპრომტი, ფრაგმენტები |
| 942 ## - ADDED ENTRY ELEMENTS (KOHA) |
| Koha item type |
წიგნი |